000 00267nam a22001217a 4500
008 180115b xxu||||| |||| 00| 0 eng d
041 _aeng
080 _a54
100 _a7
101 _aKIM
245 _aTOBACCO AND TOBACCO SMOKE
_cERNEST.L.W
942 _2udc
_cBK
999 _c40290
_d40290